000
00198 a2200097 4500
001
3009
100
_a
Pen, R
245
_a
Introdction to music
260
_a
_b
Mc Graw-Hill
_c
090
_c
2294
_d
2294
942
_a
NUST-CAE
_c
M
_c
14380
999
_c
238082
_d
238082